000 00425nam a2200169Ia 4500
003 OSt
005 20260306095546.0
008 211028s2008 xx 000 0 und d
040 _cAIMIT LIBRARY
041 _aeng
100 _aRego, Sushmitha; Manimozhi.
_g50971291
_92892
110 _aPavithra.
_92893
245 _aSPM bulk sms /
260 _aMangalore
_c2008
710 _aNest Cyber Campus
_92894
942 _2ddc
_cPRO
999 _c217049
_d217049